[Event "World Senior chT-65 2019"]
[Site "Rhodes"]
[Date "2019.04.17"]
[Round "2.15"]
[White "Titz, Heimo"]
[Black "Hurme, Harri"]
[Result "0-1"]
[WhiteElo "2096"]
[BlackElo "2148"]
[Annotator "NA RC"]
[PlyCount "50"]
[EventDate "2019.04.16"]
[EventType "team-tourn"]
[EventCountry "GRE"]
[SourceTitle "playchess.com"]
[Source "ChessBase"]
[SourceQuality "1"]
[WhiteTeam "Austria"]
[BlackTeam "Finland"]
[WhiteTeamCountry "AUT"]
[BlackTeamCountry "FIN"]
[TimeControl "40/5400+30:1800+30"]

1. c4 {[%emt 0:00:37]} g6 {[%emt 0:01:00]} 2. Nc3 {[%emt 0:01:07]} c5 {[%emt 0:01:52]} 3. Nf3 {[%emt 0:00:18]} Bg7 {[%emt 0:03:01]} 4. d4 {[%emt 0:00:32]} cxd4 {[%emt 0:00:00]} 5. Nxd4 {[%emt 0:04:12]} Nc6 {[%emt 0:04:09]} 6. Nc2 {[%emt 0:08:58]} d6 7. e4 {[%emt 0:07:58]} Bxc3+ {[%emt 0:00:14]} 8. bxc3 {[%emt 0:00:00]} Nf6 {[%emt 0:00:53]} 9. f3 {[%emt 0:00:00]} O-O 10. Be2 {[%emt 0:08:29]} Be6 {[%emt 0:22:28]} 11. Ne3 {[%emt 0:09:15]} Rc8 {[%emt 0:13:58]} 12. Rb1 {[%emt 0:05:18]} b6 {[%emt 0:20:14]} 13. Bd2 {[%emt 0:33:16]} Na5 {[%emt 0:00:00]} 14. Rb4 {[%emt 0:03:20]} Nd7 15. f4 {[%emt 0:00:57]} f6 16. O-O {[%emt 0:02:01]} Nc5 {[%emt 0:03:11]} 17. Qc2 {[%emt 0:04:43]} Kh8 18. f5 {[%emt 0:02:24]} Bf7 19. fxg6 {[%emt 0:04:01]} hxg6 {[%emt 0:01:06]} 20. Bg4 {[%emt 0:00:00]} e6 {[%emt 0:00:00]} 21. Be2 {[%emt 0:02:58]} Nc6 {[%emt 0:00:46]} 22. Rbb1 {[%emt 0:00:00]} Ne5 {[%emt 0:01:11]} 23. Ng4 {[%emt 0:00:54]} Nxg4 {[%emt 0:00:00]} 24. Bxg4 {[%emt 0:00:12]} Kg7 {[%emt 0:02:00]} 25. Be3 {[%emt 0:00:17]} Nd7 {[%emt 0:00:00]} 0-1

[Event "World Senior chT-65 2019"]
[Site "Rhodes"]
[Date "2019.04.17"]
[Round "2.16"]
[White "Kivimaki, Jaakko"]
[Black "Strobel, Ferdinand"]
[Result "0-1"]
[WhiteElo "2165"]
[BlackElo "1974"]
[Annotator "TA"]
[PlyCount "61"]
[EventDate "2019.04.16"]
[EventType "team-tourn"]
[EventCountry "GRE"]
[SourceTitle "playchess.com"]
[Source "ChessBase"]
[SourceQuality "1"]
[WhiteTeam "Finland"]
[BlackTeam "Austria"]
[WhiteTeamCountry "FIN"]
[BlackTeamCountry "AUT"]

{[%evp 12,61,65,58,110,57,87,10,71,38,31,29,90,89,92,77,94,112,237,201,225,222,210,192,228,210,210,206,234,224,232,227,324,325,320,281,391,185,477,406,399,399,369,341,409,308,338,320,800,828,1121,1090]} 1. Nf3 f5 2. d4 Nf6 3. e3 e6 4. Bd3 Be7 5. O-O O-O 6. c4 d6 7. Nc3 c6 {A85: Dutch Defence: 2 c4 Nf6 3 Nc3} (7... c5 $14) (7... Ne8 8. e4 c5 9. exf5 exf5 10. Nd5 Nf6 11. Nxe7+ Qxe7 12. Re1 Qd7 13. d5 h6 14. Nh4 Qf7 15. Nxf5 Bxf5 16. Bxf5 Nh7 17. Be6 Nd7 18. Bf4 Kh8 19. Bxf7 Rxf7 20. Bxd6 {1-0 (20) Khalid,E (2054)-Ponomarenko,J (1631) Batumi 2018}) 8. Qc2 ({White should play} 8. e4 $16) 8... Qe8 9. d5 $146 (9. Bd2 $16) ({Predecessor:} 9. Re1 d5 10. cxd5 cxd5 11. Nb5 {½-½ (35) Paul,R (1927)-Kleinert,M (1688) Berlin 2015}) 9... g6 (9... Na6 $11 {remains equal.}) 10. dxe6 Bxe6 11. Ng5 Bf7 (11... Bc8 $11 {keeps the balance.}) 12. e4 $36 {[%mdl 2048] White is on the roll.} fxe4 13. Ngxe4 ({Of course not} 13. Nxf7 Rxf7 14. Nxe4 Nxe4 $11) 13... Nxe4 14. Nxe4 Na6 (14... Be6 $16) 15. Bh6 {[#] White wants to mate with Qc3.} Be6 16. Bxf8 ({Less strong is} 16. Qc3 Rf7 $14) 16... Qxf8 17. Qd2 Bf5 18. Rae1 Rd8 19. Re2 d5 20. cxd5 cxd5 21. Nc3 {[#] Strongly threatening Bxf5.} d4 (21... Bxd3 $142 22. Qxd3 Nc5) 22. Bxf5 gxf5 23. Nb5 Qf6 24. Qd3 (24. Qf4 $142) 24... Nb4 $2 (24... Nc5 {was worth a try.} 25. Qg3+ Kh8) 25. Qc4+ Qf7 26. Qc7 Bf6 27. Qc5 Nc6 {intending ...Be7.} 28. Qxf5 Rd5 29. Qc8+ Kg7 $2 (29... Bd8 30. Na3 Qd7 31. Qxd7 Rxd7) 30. Nc7 $18 Rd8 31. Ne6+ {[%mdl 32832] Double Attack. Accuracy: White = 44%, Black = 19%. . Loss on time!?} 0-1

[Event "World Senior chT-65 2019"]
[Site "Rhodes"]
[Date "2019.04.17"]
[Round "2.17"]
[White "Renman, Nils-Gustaf"]
[Black "Page, Mark E"]
[Result "1-0"]
[WhiteElo "2358"]
[BlackElo "2107"]
[Annotator "TA"]
[PlyCount "65"]
[EventDate "2019.04.16"]
[EventType "team-tourn"]
[EventCountry "GRE"]
[SourceTitle "playchess.com"]
[Source "ChessBase"]
[SourceQuality "1"]
[WhiteTeam "Sweden"]
[BlackTeam "England"]
[WhiteTeamCountry "SWE"]
[BlackTeamCountry "ENG"]

{[%evp 11,65,34,52,42,66,69,64,45,87,86,96,4,12,0,13,0,0,0,101,100,125,121,183,181,183,192,227,218,248,247,246,236,240,231,248,159,154,123,185,178,215,212,264,246,354,345,460,456,454,448,1971,1868,1798,1697,1362,1349]} 1. d4 Nf6 2. Nf3 g6 3. c4 Bg7 4. Nc3 d6 5. e4 O-O 6. Be3 c5 7. d5 {E90: King's Indian: Classical: Early deviations and 6 h3} Ng4 8. Bg5 h6 9. Bh4 {White is slightly better.} g5 {[#]} 10. Bg3 $1 Nf6 $146 ({Predecessor:} 10... Nd7 11. h4 gxh4 12. Nxh4 Nde5 13. Qd2 e6 14. dxe6 Bxe6 15. Nd5 Nf6 16. f3 {1-0 (48) Azmaiparashvili,Z (2672)-Motylev,A (2651) chessassistantclub.com INT 2004}) 11. h4 (11. Nd2 $16) 11... g4 $1 $11 {[%cal Rg4f3]} 12. Nh2 Nh5 13. Nxg4 Nxg3 (13... Qb6 $5 14. Rb1 $8 Nxg3 15. fxg3 Qb4 $14) 14. fxg3 f5 (14... Qb6 $11 15. Rb1 Qb4) 15. exf5 $16 Bxf5 {aiming for ...Qb6.} 16. Bd3 $36 {[%mdl 2048] Black is under strong pressure.} Qd7 (16... Bxd3 $16 17. Qxd3 Nd7) 17. Ne3 $18 Bxd3 18. Qxd3 Na6 19. O-O-O Nc7 20. Rhf1 e6 21. Qg6 {Threatens to win with Ng4.} Rxf1 22. Rxf1 {Strongly threatening Ng4.} Qe8 23. Qxe8+ Rxe8 24. Kd2 Bxc3+ (24... exd5 $16 {is a better defense.} 25. Nexd5 (25. Ncxd5 Nxd5 26. Nxd5 Re4 $16) 25... Nxd5 26. Nxd5 Re4) 25. bxc3 $16 {[%mdl 4096] Endgame KRN-KRN} ({Weaker is} 25. Kxc3 exd5 26. Nf5 (26. Nxd5 Nxd5+ 27. cxd5 Re3+ 28. Kd2 Rxg3 $11) 26... Re6 $11) 25... Kg7 26. a4 Kg6 27. g4 exd5 (27... b6 $142 28. dxe6 Nxe6 29. h5+ Kg7 30. Nf5+ Kh7) 28. h5+ $18 ({Worse is} 28. Nxd5 Nxd5 29. cxd5 Re4 $11) ({Much less strong is} 28. cxd5 Re5 $18) 28... Kg5 29. Rf5+ {White is clearly winning.} Kh4 30. cxd5 Re5 {[#]} (30... Rg8 $142 31. Rf6 Ne8 32. Rxh6 Kg5) 31. g3+ $1 {[%mdl 512]} Kxg3 32. Rxe5 dxe5 {[#]} 33. g5 $1 {[%mdl 512] Accuracy: White = 78%, Black = 31%.} 1-0

[Event "World Senior chT-65 2019"]
[Site "Rhodes"]
[Date "2019.04.17"]
[Round "2.18"]
[White "James, Geoffrey H"]
[Black "Uddenfeldt, Dan"]
[Result "0-1"]
[WhiteElo "2144"]
[BlackElo "2339"]
[Annotator "TA"]
[PlyCount "84"]
[EventDate "2019.04.16"]
[EventType "team-tourn"]
[EventCountry "GRE"]
[SourceTitle "playchess.com"]
[Source "ChessBase"]
[SourceQuality "1"]
[WhiteTeam "England"]
[BlackTeam "Sweden"]
[WhiteTeamCountry "ENG"]
[BlackTeamCountry "SWE"]

{[%evp 13,84,21,58,51,62,62,72,60,88,76,176,154,186,62,62,72,72,43,50,0,93,85,150,130,266,214,220,0,0,0,8,0,0,-12,0,-26,0,0,0,0,0,-24,-19,-29,-37,-44,0,0,0,0,0,-100,-85,-160,-54,-137,-113,-275,-281,-291,-254,-508,-497,-453,-463,-671,-645,-1576,-1208,-1312,-1058,-1987,-1890]} 1. e4 g6 2. d4 Bg7 3. Nc3 d6 4. Be3 c6 5. Qd2 b5 6. Bd3 Nd7 7. Nf3 a6 8. a4 {[%cal Ra4b5] B06: Modern Defence} Bb7 9. O-O b4 10. Ne2 {White is better.} a5 (10... c5 11. c3 Ngf6 12. Bh6 O-O 13. Ng3 c4 14. Bxg7 Kxg7 15. Bxc4 bxc3 16. Qxc3 Nxe4 17. Nxe4 Bxe4 18. d5+ {½-½ (18) Fedorchuk,S (2638)-Granda Zuniga,J (2675) LLucmajor 2014}) 11. c3 Qb6 $146 (11... bxc3 $16 {is a better defense.} 12. bxc3 (12. Nxc3 Ngf6 $14) 12... Ngf6) ({Predecessor:} 11... bxc3 12. bxc3 Qc7 13. Ng3 e6 14. Rfe1 {1-0 (53) Triapishko,A (2458)-Maghsoodloo,P (2566) Khanty-Mansiysk 2016}) 12. cxb4 axb4 13. b3 (13. e5 $1 $18) 13... Ngf6 $14 14. Bh6 O-O 15. Bxg7 Kxg7 16. Ng3 Ra5 (16... c5 $1 $11) 17. Rfe1 e5 {[#]} (17... Bc8 $142) 18. dxe5 $1 $16 Nxe5 (18... dxe5 $16 19. Qg5 Qc7 20. Nf5+ Kh8) 19. Nxe5 Rxe5 {[#]} 20. Qe3 $2 (20. Nf5+ $1 $18 {[%mdl 512]} Kg8 (20... gxf5 21. Qg5+) 21. Nxd6) 20... Qxe3 $11 21. Rxe3 Ra8 22. f4 Re7 23. Rae1 Nd7 24. Bc2 Nc5 25. Rd1 d5 26. e5 Nd7 27. Ree1 c5 28. Bd3 Bc6 29. Be2 f6 (29... c4 $5 30. bxc4 dxc4 $11) 30. Bf3 Nb6 31. exf6+ Kxf6 32. Rxe7 (32. Ne2 $11) 32... Kxe7 $17 33. Nf1 (33. Kf2 $142) 33... Kd6 (33... c4 $17 34. bxc4 Nxc4) 34. Ne3 ({White should play} 34. Nd2 $1 $15 Kc7 35. Ra1) 34... d4 35. Bxc6 $2 (35. Kf2 $17 {was called for.}) 35... Kxc6 $19 36. Ng4 {[#]} Nxa4 $1 {[%mdl 512] Hoping for ...Nc3.} 37. bxa4 $2 {[%mdl 4096] Endgame KRN-KR} (37. Ne5+ Kb5 38. Ra1) 37... b3 {[%cal Bb4b3,Bb3b2][%mdl 32] Black is clearly winning.} 38. Ne5+ Kd5 39. Nd3 (39. Nd7 $142 c4 40. Nf6+ (40. Nb6+ $2 Kc5 $19) 40... Kc5 41. Kf2) 39... c4 40. Nb2 c3 41. Nd3 Rxa4 {aiming for ...b2.} 42. Kf2 b2 {Accuracy: White = 26%, Black = 37%.} 0-1

[Event "World Senior chT-65 2019"]
[Site "Rhodes"]
[Date "2019.04.17"]
[Round "2.19"]
[White "Hammar, Bengt"]
[Black "Bray, David"]
[Result "1/2-1/2"]
[WhiteElo "2206"]
[BlackElo "2121"]
[Annotator "TA"]
[PlyCount "124"]
[EventDate "2019.04.16"]
[EventType "team-tourn"]
[EventCountry "GRE"]
[SourceTitle "playchess.com"]
[Source "ChessBase"]
[SourceQuality "1"]
[WhiteTeam "Sweden"]
[BlackTeam "England"]
[WhiteTeamCountry "SWE"]
[BlackTeamCountry "ENG"]

{[%evp 19,124,0,32,35,30,50,45,49,45,50,63,65,79,71,91,0,8,-190,-83,-244,-243,-352,-352,-346,-357,-360,-350,-352,-358,-346,-283,-256,-271,-251,-256,-335,-327,-335,-184,-324,-218,-370,-359,-360,-350,-499,-271,-278,-278,-356,-356,-319,-324,-354,-285,-293,0,-354,-345,-298,-242,-235,0,0,18,18,18,0,0,0,2,0,0,0,0,0,0,0,2,2,17,0,17,0,17,0,34,0,0,0,0,0,12,8,12,12,36,0,0,0,62,0,36,0,0,0,0]} 1. e4 c5 2. Nf3 e6 3. d3 d5 4. Nbd2 Nc6 5. g3 Nf6 6. Bg2 Be7 7. O-O O-O 8. Re1 Qc7 9. c3 dxe4 10. dxe4 Rd8 11. e5 {C00: French: Unusual White 2nd moves} Nd5 (11... Nd7 12. Qe2 Nf8 13. h4 h6 14. h5 b6 15. Ne4 a5 16. Bf4 Ba6 17. c4 Rab8 18. Nd6 Nh7 {1-0 (39) Radovanovic,M (2337)-Haria,R (2417) Paracin 2017}) 12. Qe2 b5 $146 ({Predecessor:} 12... a6 13. Nf1 b5 14. h4 Bb7 15. Bg5 h6 16. Bxe7 Ndxe7 17. h5 {0-1 (57) Rozsa,P (2200)-Takacs,T (2188) Hungary 2011}) 13. Qxb5 {White is slightly better.} a5 14. Qe2 Ba6 15. Qe4 Rab8 16. Bf1 Bb7 17. Nc4 ({White should try} 17. h4 $16) 17... Nxc3 $1 $11 18. Qc2 $2 {[#]} (18. bxc3 $11 Nd4 19. cxd4 Bxe4 20. Rxe4) 18... Nd5 (18... Nxa2 $1 $19 {[%mdl 512] and Black stays clearly on top. And now ...Nd4 would win.} 19. Bf4 (19. Rxa2 Nb4) 19... Nab4) 19. Bg5 $2 {[#]} (19. a3 $17 {was called for.}) 19... Ndb4 $1 $19 {[%cal Rb4c2]} 20. Qb3 (20. Qe2 $142) 20... Bxg5 21. Nxg5 Nd4 22. Qc3 Nbc2 (22... Qc6 $2 23. Re4 $19) 23. Rad1 Nxe1 24. Rxe1 h6 25. Ne4 Bd5 26. Ned2 Qb7 27. b3 Qb4 28. Re3 Nf5 (28... a4 $142 29. Qxb4 Rxb4 30. bxa4 Rxa4) 29. Rd3 (29. a3 $142 Qb7 30. Nxa5) 29... a4 30. bxa4 $2 (30. Qxb4 Rxb4 31. a3) 30... Qxa4 31. a3 Nd4 {...Qd1! is the strong threat.} 32. Ne3 {[#]} (32. Qc1 $142) 32... Nf3+ (32... Be4 $142 $1 {[%mdl 512]} 33. Nxe4 Nf3+ {[%mdl 64] Discovered Attack} 34. Kh1 Qxe4 35. Rxd8+ Rxd8) 33. Nxf3 Bxf3 34. Qxc5 Rxd3 35. Bxd3 Ra8 36. Nc2 Bd1 37. Ne3 Bf3 38. Nc2 $1 Qa5 39. Qe3 Qd5 40. Ne1 Bh5 $2 ({Not} 40... Rxa3 41. Bh7+ Kxh7 42. Qxa3 $15) (40... Rd8 $19 {Hoping for ...Bg4.} 41. h4 Bd1) 41. Be4 $11 Qa5 {Strongly threatening ...Rd8.} 42. Bxa8 Qxa8 43. Nc2 Bd1 44. Nd4 Qd5 45. h3 Ba4 46. g4 Bd7 47. Kh2 Bc8 48. Kg3 Bb7 49. f3 Qa5 50. h4 Qd5 51. Ne2 Qa5 52. Nf4 Bc6 53. Nh5 g6 54. Nf4 Kg7 55. Kf2 Bd7 56. Ne2 Qd5 57. Qd4 {Black must now prevent Qxd5.} Qb5 58. Qf4 Qc5+ 59. Qe3 Qa5 (59... Qd5 $11) 60. Ng3 (60. h5 $14) 60... Qd5 61. Qc3 Qa2+ 62. Ne2 Bb5 {Accuracy: White = 43%, Black = 50%.} 1/2-1/2

[Event "World Senior chT-65 2019"]
[Site "Rhodes"]
[Date "2019.04.17"]
[Round "2.20"]
[White "Hewson, Brian W R"]
[Black "Hedin, Gunnar"]
[Result "1-0"]
[WhiteElo "2004"]
[BlackElo "2195"]
[Annotator "TA"]
[PlyCount "95"]
[EventDate "2019.04.16"]
[EventType "team-tourn"]
[EventCountry "GRE"]
[SourceTitle "playchess.com"]
[Source "ChessBase"]
[SourceQuality "1"]
[WhiteTeam "England"]
[BlackTeam "Sweden"]
[WhiteTeamCountry "ENG"]
[BlackTeamCountry "SWE"]

{[%evp 14,95,33,25,48,49,53,36,48,39,53,38,40,36,53,53,52,31,62,47,55,17,15,4,16,0,27,-18,-4,-29,-34,-30,-22,-30,-28,-72,-72,-107,-91,-132,-134,-229,-241,-323,-109,-126,-122,-126,-131,-131,-118,-142,-106,-76,-89,-212,-73,-68,-60,-90,-42,-46,0,0,0,0,0,0,97,58,273,58,456,446,421,285,29983,0,29984,29984,29997,29998,29998,29999]} 1. d4 f5 2. g3 Nf6 3. Nf3 g6 4. Bg2 Bg7 5. O-O O-O 6. b3 Ne4 7. Bb2 d6 8. Nbd2 Nxd2 {A81: Dutch Defence: 2 g3} 9. Qxd2 Nd7 10. Rfd1 $146 ({Predecessor:} 10. c4 Nf6 11. Qc2 c6 12. Nd2 Qc7 13. Rad1 e5 14. e4 exd4 15. Bxd4 f4 16. c5 fxg3 17. hxg3 dxc5 18. Bxc5 {½-½ (49) Danielian,E (2521)-Muzychuk,A (2538) Rostov on Don 2011}) 10... Nf6 {White is slightly better.} 11. c4 c6 12. Qc2 Qc7 13. Rac1 Bd7 14. e3 Rac8 15. Qe2 a6 16. a4 Rfe8 17. Qc2 e5 18. dxe5 dxe5 19. Nd2 e4 20. Nb1 Be6 21. Nc3 Ng4 22. Ne2 Bxb2 23. Qxb2 Ne5 24. Nf4 Bf7 25. h4 h6 26. Bf1 g5 $1 27. hxg5 (27. Ng2 $17) 27... hxg5 $19 28. Nh3 Nf3+ $2 (28... Bh5 $1 $19 {[%cal Rh5d1] and Black stays clearly on top.} 29. f4 Bxd1 30. Rxd1 Nf3+ 31. Kf2 g4) 29. Kg2 $17 Re6 30. Be2 Rh6 31. Rh1 {With the idea Nxg5!} Qd6 $1 32. Rcd1 Qg6 33. c5 Bd5 34. Qc3 (34. Bc4 $17 {is the only way for White.}) 34... Qh7 (34... Rc7 $1 $19 {is more deadly. ...Rch7 is the strong threat.} 35. Bc4 Qh5 36. Nxg5 Qxg5 37. Rxh6 Qxh6) 35. Bc4 Rd8 ({Don't go for} 35... g4 $2 36. Nf4 $18) 36. Bxd5+ cxd5 37. b4 $1 Qg6 ({Weaker is} 37... g4 38. Nf4 $16) 38. b5 axb5 39. axb5 Qe6 40. Qa5 Rd7 (40... Rf8 $11 {remains equal.}) 41. Qa8+ Kf7 $2 {[#]} ({Better is} 41... Kg7 $1 $14) 42. Qc8 $2 (42. Rc1 $1 $18 {Hoping for c6.} f4 43. exf4) 42... Rg6 $2 {[%mdl 8192] [#]} (42... Re7 $1 $14 43. Qxe6+ Rexe6) 43. Nf4 $1 $18 {[%mdl 512]} gxf4 44. Rh8 {[%csl Gh8][%cal Rc8f8]} Rg7 $2 (44... Kf6 $18) 45. Qf8+ Kg6 {Threatens to win with ...fxg3.} 46. Rdh1 {White mates.} Qe7 47. R8h6+ Kg5 48. R1h5+ {Accuracy: White = 52%, Black = 43%.} 1-0

[Event "World Senior chT-65 2019"]
[Site "Rhodes"]
[Date "2019.04.17"]
[Round "2.21"]
[White "Faibisovich, Vadim Z"]
[Black "Harestad, Thor Geir"]
[Result "1/2-1/2"]
[WhiteElo "2302"]
[BlackElo "2200"]
[Annotator "TA"]
[PlyCount "71"]
[EventDate "2019.04.16"]
[EventType "team-tourn"]
[EventCountry "GRE"]
[SourceTitle "playchess.com"]
[Source "ChessBase"]
[SourceQuality "1"]
[WhiteTeam "Russia"]
[BlackTeam "Norway"]
[WhiteTeamCountry "RUS"]
[BlackTeamCountry "NOR"]

{[%evp 17,71,22,13,0,0,0,0,6,30,0,8,0,36,26,29,0,0,-11,-4,0,-3,-25,-8,-36,-37,-44,-54,-29,-24,-44,0,0,10,14,31,16,27,11,10,10,39,24,48,14,16,12,20,0,41,39,36,17,37,0,22,-852]} 1. e4 c5 2. Nf3 e6 3. Nc3 Nc6 4. d4 cxd4 5. Nxd4 d6 6. Be2 Nf6 7. O-O Be7 8. Be3 O-O 9. Qd2 a6 10. Rfd1 {B83: Sicilian Scheveningen: 6 Be2, lines without ...a6} Qc7 11. a4 Bd7 12. Nb3 (12. f3 Na5 13. Qe1 Rac8 14. Kh1 Rfe8 15. Bf1 Nc4 16. Bxc4 Qxc4 17. a5 Qb4 18. Nb3 h6 {½-½ (47) Nepomniachtchi,I (2751)-Kasparov,G (2812) Saint Louis 2017}) 12... b6 13. f3 Rfc8 14. Bf1 Be8 $146 ({Predecessor:} 14... Ne5 15. Qf2 Bd8 16. h3 Bc6 17. f4 Ned7 18. Bd3 {0-1 (34) Visser,G-Comp Isichess 2.6 The Hague 1997}) 15. Qf2 Nd7 16. Ne2 Nce5 17. Ned4 Nc4 18. Bxc4 Qxc4 19. c3 Rab8 20. Nd2 Qc7 $1 21. c4 Nc5 22. b3 Bf6 23. Rab1 Nd3 24. Qe2 Nb4 25. Nf1 Rd8 26. Qd2 a5 27. Rbc1 Qe7 28. Ng3 g6 29. Re1 Qb7 30. Bf2 Na6 31. Rcd1 Nc5 32. Qc2 Be5 33. Nge2 Qe7 34. Nc3 Qf6 35. Ndb5 Rbc8 36. Qd3 $2 {[%mdl 40960] Accuracy: White = 31%, Black = 34%. . An unexpected result.} (36. Ne2 $11) 1/2-1/2

[Event "World Senior chT-65 2019"]
[Site "Rhodes"]
[Date "2019.04.17"]
[Round "2.22"]
[White "Steedman, James"]
[Black "Karasev, Vladimir I"]
[Result "0-1"]
[WhiteElo "2127"]
[BlackElo "2281"]
[Annotator "TA"]
[PlyCount "82"]
[EventDate "2019.04.16"]
[EventType "team-tourn"]
[EventCountry "GRE"]
[SourceTitle "playchess.com"]
[Source "ChessBase"]
[SourceQuality "1"]
[WhiteTeam "Norway"]
[BlackTeam "Russia"]
[WhiteTeamCountry "NOR"]
[BlackTeamCountry "RUS"]

{[%evp 16,82,-12,-21,-6,-6,-3,-21,-25,-143,-35,-35,-42,-49,-34,-41,-45,-70,-77,-55,-27,-60,-44,-141,-138,-195,-203,-202,-189,-251,-252,-286,-277,-262,-250,-314,-265,-345,-229,-284,-275,-260,-250,-270,-266,-271,-260,-250,-241,-436,-321,-457,-456,-455,-451,-432,-421,-1302,-1255,-1570,-1283,-1545,-1344,-29968,-29969,-29968,-6215,-2400,-1781]} 1. d4 Nf6 2. c4 d6 3. Nc3 e5 4. dxe5 dxe5 5. Qxd8+ Kxd8 6. Bg5 Nbd7 7. O-O-O c6 8. Nf3 Kc7 9. h3 Bb4 {Threatening ...Bxc3. A53: Old Indian Defence without Nf3} 10. Bd2 $1 a5 11. g3 $146 ({Predecessor:} 11. e3 Re8 12. Be2 Nc5 13. Rhf1 h6 14. g4 h5 15. gxh5 Bxh3 16. Rg1 Bg4 17. a3 {1-0 (44) Kovacs,L (2197)-Nagy,B (2389) Zalakaros 2010}) 11... Re8 {The position is equal.} 12. Bg2 (12. g4 $11) 12... Bxc3 (12... Nb6 $17 13. a3 Bc5) 13. Bxc3 $15 Ne4 14. Be1 $1 Ndc5 15. Nd2 Nd6 16. Nb3 Nxb3+ 17. axb3 Bf5 18. Bc3 f6 19. Rd2 {[#]} (19. Rhe1 $15) 19... a4 $1 $17 {[%cal Ra4b3]} ({Much worse is} 19... Ne4 20. Bxe4 Bxe4 21. Rhd1 $11) 20. Bb4 (20. c5 $17 Nb5 21. bxa4) 20... Nc8 $19 21. e4 axb3 {[%cal Ra8a1]} 22. Ba3 (22. Rd3 $142 Be6 23. Rxb3) 22... Be6 23. Rhd1 Nb6 24. Bf1 c5 ({Don't take} 24... Bxc4 25. Bxc4 Nxc4 26. Rd7+ Kb6 27. Rxg7 $19) 25. Rd6 Ra5 (25... Bxc4 26. Rxb6 Bxf1 27. Rxb3 $17) 26. f4 Re7 ({Weaker is} 26... Bxc4 27. Rxb6 Bxf1 28. Rxb3 $17) 27. fxe5 fxe5 28. R6d3 Nxc4 29. Rxb3 {intending Bxc4.} Nxa3 30. Rxa3 Rxa3 31. bxa3 {[%mdl 4096] Endgame KRB-KRB} Rf7 32. Bg2 $2 {[#]} (32. Be2) 32... Bc4 33. Kc2 (33. h4 $142) 33... Rf2+ 34. Rd2 Rxd2+ 35. Kxd2 {KB-KB} b5 36. h4 (36. Kc2 $142 b4 37. Kb2) 36... b4 37. axb4 cxb4 38. Bh3 Kb6 39. h5 h6 40. Bf5 Kc5 41. Kc2 Kd4 {Accuracy: White = 20%, Black = 76%.} 0-1

[Event "World Senior chT-65 2019"]
[Site "Rhodes"]
[Date "2019.04.17"]
[Round "2.23"]
[White "Shushpanov, Vladimir"]
[Black "Johnsen, Oystein"]
[Result "0-1"]
[WhiteElo "2180"]
[BlackElo "1986"]
[Annotator "NA RC"]
[PlyCount "93"]
[EventDate "2019.04.16"]
[EventType "team-tourn"]
[EventCountry "GRE"]
[SourceTitle "playchess.com"]
[Source "ChessBase"]
[SourceQuality "1"]
[WhiteTeam "Russia"]
[BlackTeam "Norway"]
[WhiteTeamCountry "RUS"]
[BlackTeamCountry "NOR"]
[TimeControl "40/5400+30:1800+30"]

1. d4 {[%emt 0:00:00]} d5 {[%emt 0:00:00]} 2. Nf3 {[%emt 0:00:00]} Nf6 {[%emt 0:00:00]} 3. c4 {[%emt 0:00:00]} c6 {[%emt 0:00:00]} 4. Qc2 {[%emt 0:00:14]} e6 {[%emt 0:01:00]} 5. Bg5 {[%emt 0:00:29]} Be7 {[%emt 0:01:07]} 6. e3 {[%emt 0:00:17]} h6 {[%emt 0:00:49]} 7. Bh4 {[%emt 0:00:51]} Ne4 {[%emt 0:06:54]} 8. Bxe7 {[%emt 0:00:30]} Qxe7 {[%emt 0:00:01]} 9. Bd3 {[%emt 0:01:01]} Nf6 {[%emt 0:01:46]} 10. Nc3 {[%emt 0:01:18]} O-O {[%emt 0:02:00]} 11. O-O {[%emt 0:00:13]} Nbd7 {[%emt 0:05:31]} 12. Rfd1 {[%emt 0:04:27]} Rd8 {[%emt 0:09:19]} 13. a3 {[%emt 0:02:04]} a5 {[%emt 0:09:57]} 14. h3 {[%emt 0:00:51]} e5 {[%emt 0:05:20]} 15. cxd5 {[%emt 0:02:50]} cxd5 {[%emt 0:03:48]} 16. dxe5 {[%emt 0:05:56]} Nxe5 {[%emt 0:00:28]} 17. Be2 {[%emt 0:01:16]} Nxf3+ {[%emt 0:10:13]} 18. Bxf3 {[%emt 0:00:21]} Be6 {[%emt 0:00:03]} 19. Rd4 {[%emt 0:00:43]} Rd7 {[%emt 0:02:16]} 20. Rad1 {[%emt 0:01:22]} Rad8 {[%emt 0:02:17]} 21. Qa4 {[%emt 0:01:54]} b6 {[%emt 0:09:19]} 22. R1d3 {[%emt 0:03:22]} Bf5 {[%emt 0:05:19]} 23. Rd2 {[%emt 0:01:15]} Be6 {[%emt 0:07:50]} 24. Qb5 {[%emt 0:04:32]} Qc5 {[%emt 0:01:11]} 25. Qb3 {[%emt 0:03:13]} Kf8 {[%emt 0:07:08]} 26. Na4 {[%emt 0:01:15]} Qc1+ {[%emt 0:00:30]} 27. Rd1 {[%emt 0:00:16]} Qc6 {[%emt 0:00:22]} 28. Qxb6 {[%emt 0:00:37]} Qxb6 {[%emt 0:04:44]} 29. Nxb6 {[%emt 0:00:12]} Rb7 {[%emt 0:00:05]} 30. Nxd5 {[%emt 0:06:01]} Nxd5 {[%emt 0:04:07]} 31. Bxd5 {[%emt 0:00:06]} Rxb2 {[%emt 0:00:07]} 32. Bxe6 {[%emt 0:01:40]} Rxd4 {[%emt 0:00:01]} 33. Rxd4 {[%emt 0:00:27]} fxe6 {[%emt 0:00:03]} 34. Rd8+ {[%emt 0:01:46]} Ke7 {[%emt 0:00:03]} 35. Ra8 {[%emt 0:00:11]} Rb1+ {[%emt 0:00:07]} 36. Kh2 {[%emt 0:00:07]} Rb5 {[%emt 0:00:26]} 37. Ra6 {[%emt 0:00:39]} h5 {[%emt 0:00:42]} 38. h4 {[%emt 0:01:04]} Kf6 {[%emt 0:00:21]} 39. Kg3 {[%emt 0:00:49]} g6 {[%emt 0:01:42]} 40. a4 {[%emt 0:00:00]} Rc5 {[%emt 0:00:00]} 41. f4 {[%emt 0:04:04]} Rd5 {[%emt 0:09:18]} 42. Kf3 {[%emt 0:00:25]} Rc5 {[%emt 0:00:19]} 43. g4 {[%emt 0:00:52]} Ke7 {[%emt 0:07:03]} 44. g5 {[%emt 0:03:50]} Kf7 {[%emt 0:08:40]} 45. Ra7+ {[%emt 0:00:53]} Kf8 {[%emt 0:00:17]} 46. Ke4 {[%emt 0:01:39]} Rd5 {[%emt 0:01:39]} 47. Rc7 {[%emt 0:03:14]} 0-1